Normal view
MARC view
- SOLID MODELING USING SOLID WORKS 2010
Entry Topical Term
001 - CONTROL NUMBER
- control field: 68714
003 - CONTROL NUMBER IDENTIFIER
- control field: NUST
005 - DATE AND TIME OF LATEST TRANSACTION
- control field: 20210628204108.0
008 - FIXED-LENGTH DATA ELEMENTS
- fixed length control field: 210628|| aca||aabn | a|a d
040 ## - CATALOGING SOURCE
- Original cataloging agency: NUST
- Transcribing agency: NUST
150 ## - HEADING--TOPICAL TERM
- Topical term or geographic name entry element: SOLID MODELING USING SOLID WORKS 2010
670 ## - SOURCE DATA FOUND
- Source citation: Work cat.: (NUST): Howard, William.E , Musto, Joseph.C 68713, Introduction to solid modeling using solid works 2010, 2011
